00441 2200181 4500001002100000005001500021008004100036020002200077035001900099041000700118082001000125090001600135100002000151245002100171250001000192260003100202300002600233INLIS00000000001334520241224114535241224||||||||| | ||| |||| || |  a978-602-7652-19-4 0010-1224013345 aid0 a372.2 a372.2 HER s0 aHERLINA SITORUS00aselamatkan hutan aCet.1 atangerangbBuah Hatic2013 a16 hlm,; 19cm x 24 cm